Oasis: Supersonic.

From the **Oscar** winning producers of *Amy* comes a riveting look at the meteoric rise of seminal 90's rock band *Oasis*, immersing us in the raucous rock stars' fast-paced world of electrifying music, wild debauchery, and epic fraternal feuding. Winner of Best Documentary at the **UK Em...

Full description

Bibliographic Details
Other Authors: Gallagher, Liam, 1972- (Actor), Gallagher, Noel (Actor)
Format: Video
Language:English
Language Notes:In English
Published: [San Francisco, California, USA] : A24, 2016.
Kanopy Streaming, 2019.
Subjects:
Online Access:Connect to this streaming video

MARC

Tag First Indicator Second Indicator Subfields
LEADER 00000cgm a2200000 i 4500
001 in00004058421
005 20190718162815.0
006 m o c
007 cr una---unuuu
007 vz uzazuu
008 190206p20192016cau122 o vleng d
028 5 2 |a 6324552  |b Kanopy 
035 |a (CaSfKAN)kan6324552 
040 |a UtOrKAN  |b eng  |e rda  |c UtOrKAN  |d UtOrBLW 
245 0 0 |a Oasis: Supersonic. 
264 1 |b A24,  |c 2016. 
264 1 |a [San Francisco, California, USA] :  |b Kanopy Streaming,  |c 2019. 
300 |a 1 online resource (streaming video file) (122 minutes):  |b digital, .flv file, sound 
336 |a two-dimensional moving image  |b tdi  |2 rdacontent 
337 |a computer  |b c  |2 rdamedia 
338 |a online resource  |b cr  |2 rdacarrier 
344 |a digital 
347 |a video file  |b MPEG-4  |b Flash 
500 |a Title from title frames. 
500 |a Film 
500 |a In Process Record. 
511 0 |a Liam Gallagher, Noel Gallagher 
518 |a Originally produced by A24 in 2016. 
520 |a From the **Oscar** winning producers of *Amy* comes a riveting look at the meteoric rise of seminal 90's rock band *Oasis*, immersing us in the raucous rock stars' fast-paced world of electrifying music, wild debauchery, and epic fraternal feuding. Winner of Best Documentary at the **UK Empire Awards**. "*Supersonic" boasts an ear-blasting, you-are-there immediacy, utilizing a treasure trove of archival photos and footage to make you feel present.*" - Mark Caro, ***The Chicago Sun-Times*** 
538 |a Mode of access: World Wide Web. 
546 |a In English 
600 1 0 |a Gallagher, Liam,  |d 1972-  |0 http://id.loc.gov/authorities/names/nb2011020632 
600 1 0 |a Gallagher, Noel.  |0 http://id.loc.gov/authorities/names/nr98044744 
610 2 0 |a Oasis (Rock group)  |0 http://id.loc.gov/authorities/names/no97026259 
655 7 |a Documentary films.  |2 lcgft  |0 http://id.loc.gov/authorities/genreForms/gf2011026205 
700 1 |a Whitecross, Mat,  |e film director.  |0 http://id.loc.gov/authorities/names/n2008072528 
700 1 |a Gallagher, Liam,  |d 1972-  |e actor. 
700 1 |a Gallagher, Noel,  |e actor. 
710 2 |a A24 (Firm),  |e distributor.  |0 http://id.loc.gov/authorities/names/no2016153241 
710 2 |a Kanopy (Firm),  |e distributor.  |0 http://id.loc.gov/authorities/names/no2014091415 
856 4 0 |u http://proxy.library.tamu.edu/login?url=https://texasam.kanopy.com/node/5324553  |z Connect to this streaming video  |t 0 
999 f f |s 72c105af-cb2f-3431-add3-674f354a1aa7  |i 9a5a73de-f5f7-37cf-9896-03cd3402fc3b  |t 0 
952 f f |a Texas A&M University  |b College Station  |c Electronic Resources  |d Available Online  |t 0  |h No information provided 
998 f f |t 0  |l Available Online